|
|
|
|
| LEADER |
00000nab a2200000 a 4500 |
| 001 |
vtls001015364 |
| 003 |
SK-MaSNL |
| 005 |
20260303042646.0 |
| 008 |
040720e19980414xo 0 slo |
| 035 |
|
|
|a SN1316
|
| 040 |
|
|
|a SNSK
|b slo
|c SNSK
|e AACR2
|
| 041 |
0 |
|
|a slo
|
| 044 |
|
|
|a xo
|c SK
|
| 080 |
|
|
|a 621.9
|2 1981
|
| 080 |
|
|
|a 339.727.22
|2 1981
|
| 100 |
0 |
|
|a -kuch-
|4 aut
|9 1021744
|
| 245 |
1 |
0 |
|a Vyprodukovali viac ako plánovali
|b Embraco začalo s výrobou kondenzačných jednotiek
|
| 610 |
2 |
7 |
|a Embraco Slovakia (Spišská Nová Ves, Slovensko)
|2 SNSK
|9 1021465
|
| 651 |
|
7 |
|a Spišská Nová Ves (Slovensko)
|2 SNSK
|9 28800
|
| 651 |
|
7 |
|a SN,
|2 SNSK
|9 1021277
|
| 655 |
|
7 |
|a periodikum
|2 snkbucl
|9 29553
|
| 710 |
2 |
|
|a Embraco Slovakia, Spišská Nová Ves
|4 aut
|9 1021466
|
| 773 |
0 |
8 |
|t Nové Spišské hlasy
|g Roč. 8, č.15, 14.4.1998, s. 1,3
|
| 852 |
|
|
|a ZVYKNI
|b KIS3GCP
|
| 999 |
|
|
|c 1693113
|d 1695043
|